Social Forces in the making of the new Europe: (Record no. 452)

MARC details
000 -LEADER
fixed length control field 01111cam a22003134a 4500
001 - CONTROL NUMBER
control field 12328441
003 - CONTROL NUMBER IDENTIFIER
control field OSt
005 - DATE AND TIME OF LATEST TRANSACTION
control field 20161021193143.0
008 - FIXED-LENGTH DATA ELEMENTS--GENERAL INFORMATION
fixed length control field 010227s2001 enk b 001 0 eng
010 ## - LIBRARY OF CONGRESS CONTROL NUMBER
LC control number 2001027369
020 ## - INTERNATIONAL STANDARD BOOK NUMBER
International Standard Book Number 0333913213
020 ## - INTERNATIONAL STANDARD BOOK NUMBER
International Standard Book Number 0333920678
040 ## - CATALOGING SOURCE
Original cataloging agency DLC
Transcribing agency DLC
Modifying agency DLC
042 ## - AUTHENTICATION CODE
Authentication code pcc
043 ## - GEOGRAPHIC AREA CODE
Geographic area code e------
050 00 - LIBRARY OF CONGRESS CALL NUMBER
Classification number HN377
Item number .S63 2001
082 00 - DEWEY DECIMAL CLASSIFICATION NUMBER
Classification number 303.4094
Edition number 21
Item number SOC 2001
100 ## - MAIN ENTRY--PERSONAL NAME
Personal name Edited by Bieler, Andreas; Morton, Adam David,
9 (RLIN) 11238
245 00 - TITLE STATEMENT
Title Social Forces in the making of the new Europe:
Remainder of title the restructuring of European social relations in the global political economy
260 ## - PUBLICATION, DISTRIBUTION, ETC. (IMPRINT)
Place of publication, distribution, etc. New York :
Name of publisher, distributor, etc. Palgrave,
Date of publication, distribution, etc. 2001.
300 ## - PHYSICAL DESCRIPTION
Extent xviii, 243 p. ;
Dimensions 23 cm.
504 ## - BIBLIOGRAPHY, ETC. NOTE
Bibliography, etc Includes bibliographical references (p. 218-238) and index.
650 #0 - SUBJECT ADDED ENTRY--TOPICAL TERM
Topical term or geographic name as entry element Social change
9 (RLIN) 1201
650 #0 - SUBJECT ADDED ENTRY--TOPICAL TERM
Topical term or geographic name as entry element Economiic development
9 (RLIN) 1202
830 #0 - SERIES ADDED ENTRY--UNIFORM TITLE
Uniform title Series in international political economy.
9 (RLIN) 1206
856 42 - ELECTRONIC LOCATION AND ACCESS
Materials specified Contributor biographical information
Uniform Resource Identifier http://www.loc.gov/catdir/bios/hol058/2001027369.html
906 ## - LOCAL DATA ELEMENT F, LDF (RLIN)
a 7
b cbc
c orignew
d 1
e ocip
f 20
g y-gencatlg
942 ## - ADDED ENTRY ELEMENTS (KOHA)
Source of classification or shelving scheme Dewey Decimal Classification
Koha item type Short Loan
Holdings
Withdrawn status Lost status Source of classification or shelving scheme Damaged status Not for loan Home library Current library Date acquired Inventory number Total Checkouts Full call number Barcode Date last seen Koha item type
    Dewey Decimal Classification     MUST Main Library MUST Main Library 18/09/2014 03/18964   303.4094 SOC 2001 2014-2827 18/09/2014 Short Loan
    Dewey Decimal Classification     MUST Main Library MUST Main Library 18/09/2014 03/18965   303.4094 SOC 2001 2014-2852 18/09/2014 Short Loan